000 01191cam a2200349 a 4500
999 _c12185
_d12185
001 462324
003 EG-ScBUE
005 20191230130037.0
008 831118t1984 nyu f 001 0 eng d
020 _a0030626285
040 _aDLC
_beng
_erda
_cDLC
_dDLC
_dEG-ScBUE
082 0 4 _a808.042
_bGLO
_222
100 1 _aGlorfeld, Louis E,
_eauthor.
_97499
245 1 2 _aA concise guide for writers /
_cThe late Louis E. Glorfeld, University of Denver, David A. Lauerman, Conisius College, Buffalo, Norman C. Stageberg, University of Northern Iowa.
250 _aSixth edition.
264 1 _aNew York,
_bHolt, Rinehart and Winston,
_c[1984]
264 4 _cc 1984
300 _axi, 226 pages ;
_c21 cm
336 _2rdacontent
_atext
_btxt
337 _2rdamedia
_aunmediated
_bn
338 _2rdacarrier
_avolume
_bnc
500 _aIncludes index.
500 _aIncludes appendix.
590 _aBilal
650 7 _aEnglish language
_xRhetoric.
_2BUEsh
_97500
650 7 _aReport writing.
_2BUEsh
_97502
653 _bHHUUEENN
_cJune2019
655 _vReading book
700 1 _aStageberg, Norman C,
_eauthor.
_97504
700 1 _aLauerman, David A,
_d1931-
_eauthor.
_97503
942 _2ddc
_cBB